Stability of the lagrangian points against radiation pressure / (رقم التسجيلة. 16403)
[ عرض عادي ]
| 000 -LEADER | |
|---|---|
| fixed length control field | 01519nam a2200349 a 4500 |
| 003 - CONTROL NUMBER IDENTIFIER | |
| control field | EG-GiCUC |
| 005 - DATE AND TIME OF LATEST TRANSACTION | |
| control field | 20250223025608.0 |
| 008 - FIXED-LENGTH DATA ELEMENTS--GENERAL INFORMATION | |
| fixed length control field | 090502s2008 ua d f m 000 0 eng d |
| 040 ## - CATALOGING SOURCE | |
| Original cataloging agency | EG-GiCUC |
| Language of cataloging | eng |
| Transcribing agency | EG-GiCUC |
| 041 0# - LANGUAGE CODE | |
| Language code of text/sound track or separate title | eng. |
| 049 ## - LOCAL HOLDINGS (OCLC) | |
| Holding library | Deposite |
| 097 ## - Thesis Degree | |
| Thesis Level | Ph.D. |
| 099 ## - LOCAL FREE-TEXT CALL NUMBER (OCLC) | |
| Classification number | Cai01.12.01.Ph.D.2008.Ni.S. |
| 100 0# - MAIN ENTRY--PERSONAL NAME | |
| Personal name | Nihad Saad Abdelmotelp |
| 245 10 - TITLE STATEMENT | |
| Title | Stability of the lagrangian points against radiation pressure / |
| Statement of responsibility, etc. | Nihad Saad Abdelmotelp ; Supervised Mostafa Kamal Mahmoud Ahmed , Monir Ahmed Hamdy |
| 246 15 - VARYING FORM OF TITLE | |
| Title proper/short title | استقرار نقاط لاجرانج تحت تأثير ضغط الإشعاع |
| 260 ## - PUBLICATION, DISTRIBUTION, ETC. | |
| Place of publication, distribution, etc. | Cairo : |
| Name of publisher, distributor, etc. | Nihad Saad Abdelmotelp , |
| Date of publication, distribution, etc. | 2008 |
| 300 ## - PHYSICAL DESCRIPTION | |
| Extent | 401 Leaves : |
| Other physical details | charts ; |
| Dimensions | 30cm. |
| 502 ## - DISSERTATION NOTE | |
| Dissertation note | Thesis (Ph.D.) - Cairo University - Faculty of Science - Department of Astronomy and Meteorology |
| 520 ## - SUMMARY, ETC. | |
| Summary, etc. | The present work deals with the restricted problem of three bodies when one or the two of the primaries are radiating. The main objective is to analyze the effect of the radiation pressure on the number , location and stability of the libration points |
| 530 ## - ADDITIONAL PHYSICAL FORM AVAILABLE NOTE | |
| Additional physical form available note | Issued also as CD |
| 653 #4 - INDEX TERM--UNCONTROLLED | |
| Uncontrolled term | Celestial mechanics libration points |
| 653 #4 - INDEX TERM--UNCONTROLLED | |
| Uncontrolled term | Collinear points |
| 653 #4 - INDEX TERM--UNCONTROLLED | |
| Uncontrolled term | Three body problem |
| 700 0# - ADDED ENTRY--PERSONAL NAME | |
| Personal name | Monir Ahmed Hamdy , |
| Relator term | |
| 700 0# - ADDED ENTRY--PERSONAL NAME | |
| Personal name | Mostafa Kamal Mahmoud Ahmed , |
| Relator term | |
| 856 ## - ELECTRONIC LOCATION AND ACCESS | |
| Uniform Resource Identifier | <a href="http://172.23.153.220/th.pdf">http://172.23.153.220/th.pdf</a> |
| 902 ## - LOCAL DATA ELEMENT B, LDB (RLIN) | |
| No. of Items | 1 |
| 905 ## - LOCAL DATA ELEMENT E, LDE (RLIN) | |
| Cataloger | Mustafa |
| Reviser | Revisor |
| 905 ## - LOCAL DATA ELEMENT E, LDE (RLIN) | |
| Cataloger | Samia |
| Reviser | Cataloger |
| 942 ## - ADDED ENTRY ELEMENTS (KOHA) | |
| Source of classification or shelving scheme | Dewey Decimal Classification |
| Koha item type | Thesis |
| Source of classification or shelving scheme | Not for loan | Home library | Current library | Date acquired | Full call number | Barcode | Date last seen | Koha item type | Copy number |
|---|---|---|---|---|---|---|---|---|---|
| Dewey Decimal Classification | المكتبة المركزبة الجديدة - جامعة القاهرة | قاعة الرسائل الجامعية - الدور الاول | 11.02.2024 | Cai01.12.01.Ph.D.2008.Ni.S. | 01010110050957000 | 22.09.2023 | Thesis | ||
| Dewey Decimal Classification | المكتبة المركزبة الجديدة - جامعة القاهرة | مخـــزن الرســائل الجـــامعية - البدروم | 11.02.2024 | Cai01.12.01.Ph.D.2008.Ni.S. | 01020110050957000 | 22.09.2023 | CD - Rom | 50957.CD |